000 00547nam a2200181Ia 4500
999 _c21379
_d21379
082 _aTS.0858
100 _aSharma, Kusum
245 0 _aStudy of Psycho-Social factors affecting reading skills in english
260 _cUniversity of Delhi
300 _a252
504 _aincludes bibliography and appendices
650 _aReading
_vAbility - testing
650 _aReading, Psychology of
650 _aReading skills competency tests
650 _aEnglish language
_vStudy and teaching
710 _aSabharwal, Virender K
942 _cTH
_2ddc